Classement P4P masculin de l'UFC - Dans l'ordre ! - Statistiques

Statistiques générales
  • Ce quiz a été pris 78 fois
  • Le résultat moyen est 7 sur 15
Statistiques - réponses
Hint Situation Réponse % Correct
#1 CHAMP Islam Makhachev
98%
#2 CHAMP Jon Jones
71%
#3 #3 Ilia Topuria
56%
#4 CHAMP Merab Dvalishvili
51%
#10 CHAMP Alexandre Pantoja
47%
#9 CHAMP Alexander Volkanovski
45%
#7 CHAMP Belal Muhammad
45%
#5 CHAMP Dricus Du Plessis
45%
#11 #1, IC Tom Aspinall
45%
#8 #1 Alex Pereira
44%
#6 CHAMP Magomed Ankalaev
42%
#13 #2, #4 Max Holloway
42%
#15 #2 Charles Oliveira
36%
#14 #1 Sean O'Malley
29%
#12 #1 Leon Edwards
22%
Aucun quiz correspondant
Distribution des résultats
% des personnes avec chaque résultat
Percentile par nombre de réponses
Votre historique - résultats
Vous n’avez pas pris ce quiz